logo

Bir Sreshtho Munshi Abdur Rouf Library
Jhenaidah Cadet College

The challenges to democracy; (Record no. 8561)

MARC details
000 -LEADER
fixed length control field 00965nam a22003251 4500
001 - CONTROL NUMBER
JCCL Control Number 8561
003 - CONTROL NUMBER IDENTIFIER
JCCL marc code BD - JhCC
005 - DATE AND TIME OF LATEST TRANSACTION
control field 20180925175212.0
008 - FIXED-LENGTH DATA ELEMENTS--GENERAL INFORMATION
fixed length control field 711124s1965 txu b 000 0 eng
035 ## - SYSTEM CONTROL NUMBER
system control number (BD - JhCC)8561
035 ## - SYSTEM CONTROL NUMBER
system control number (OCoLC)00176978
035 ## - SYSTEM CONTROL NUMBER
system control number GLIS00460816
040 ## - CATALOGING SOURCE
Original cataloging agency DLC
Transcribing agency DLC
Modifying agency RCD
-- BD - JhCC
041 ## - LANGUAGE CODE
Language code of Book eng
050 0# - LIBRARY OF CONGRESS CALL NUMBER
Classification number E743
Item number .H3
082 ## - DEWEY DECIMAL CLASSIFICATION NUMBER
Author mark and Year HAV 1955
Classification number 323.20973
090 ## - LOCALLY ASSIGNED LC-TYPE CALL NUMBER (OCLC); LOCAL CALL NUMBER (OCLC)
Classification number (OCLC) (R) ; Classification number, CALL (RLIN) (NR) E743
Local cutter number (OCLC) ; Book number/undivided call number, CALL (RLIN) .H386
099 ## - LOCAL FREE-TEXT CALL NUMBER
Classification number E743.H386
100 1# - MAIN ENTRY--PERSONAL NAME
Personal name Havens, Murray Clark.
245 14 - TITLE STATEMENT
Title The challenges to democracy;
Remainder of title consensus and extremism in American politics.
260 ## - PUBLICATION, DISTRIBUTION, ETC. (IMPRINT)
Place of publication, distribution, etc Austin,
Name of publisher, distributor, etc University of Texas Press
Date of publication, distribution, etc [1965]
300 ## - PHYSICAL DESCRIPTION
Pagination xi, 119 p.
Dimensions 21 cm.
504 ## - BIBLIOGRAPHY, ETC. NOTE
Bibliography, etc Bibliography: p. 99-106.
650 #0 - SUBJECT ADDED ENTRY--TOPICAL TERM
Topical term or geographic name as entry element Right and left (Political science)
650 #0 - SUBJECT ADDED ENTRY--TOPICAL TERM
Topical term or geographic name as entry element Democracy.
651 #0 - SUBJECT ADDED ENTRY--GEOGRAPHIC NAME
Geographic name United States
General subdivision Politics and government
Chronological subdivision 1945-1989.
942 ## - ADDED ENTRY ELEMENTS (KOHA)
Source of classification or shelving scheme Dewey Decimal Classification
Koha item type Books
949 ## - LOCAL PROCESSING INFORMATION (OCLC)
a MYGD
b 39080004587108
Holdings
Source of classification or shelving scheme Damaged status Not for loan Home library Current library Shelving location Total Checkouts Full call number Barcode Date last seen Copy number Koha item type
Dewey Decimal Classification     JCC Rouf Library JCC Rouf Library General Stacks   323.20973 HAV 1955 11323 02/27/2018 C-1 Books

JCC Library | Contacts | JCC Home

Last Update on 23 September 2017
Copyright @ 2017-2020 JCC Rouf Library
Rouf Library, Jhenidah Cadet College (JCC), Bangladesh